[Event "Bundesliga 0607"]
[Site "Germany"]
[Date "2006.12.09"]
[Round "5.1"]
[White "Tregubov, Pavel V"]
[Black "Macieja, Bartlomiej"]
[Result "1-0"]
[WhiteElo "2596"]
[BlackElo "2622"]
[Annotator "Krasenkow,M"]
[PlyCount "80"]
[EventDate "2006.10.28"]
[EventType "team-tourn"]
[EventRounds "15"]
[EventCountry "GER"]
[SourceTitle "CBM 116"]
[Source "ChessBase"]
[SourceDate "2007.02.01"]
[SourceVersion "1"]
[SourceVersionDate "2007.02.01"]
[SourceQuality "1"]
[WhiteTeam "Muelheim Nord"]
[BlackTeam "Wattenscheid"]
[WhiteTeamCountry "GER"]
[BlackTeamCountry "GER"]

1. d4 Nf6 2. c4 g6 3. Nc3 d5 4. Nf3 Bg7 5. e3 O-O 6. cxd5 Nxd5 7. Bc4 Nb6 8.
Bb3 c5 9. O-O cxd4 10. exd4 Nc6 11. d5 Na5 12. Re1 {An old, well-forgotten
line.} Re8 ({Theory recommends} 12... Nxb3 13. axb3 (13. Qxb3 Bxc3 14. bxc3
Qxd5 15. Rxe7 Be6 $11) {and now, say,} 13... Bg4 14. h3 Bxf3 15. Qxf3 Re8 16.
Be3 Nc8 17. h4 h5 18. Ra4 Nd6 19. g4 hxg4 20. Rxg4 Qc8 21. h5 Qf5 $11 {1/2-1/2
Kuzmin,G-Keene,R/Zagreb 1975/MCD (41)}) 13. Ne5 (13. Bg5 Nxb3 (13... Bg4 14. h3
Bxf3 15. Qxf3 Qd7 16. Rad1 Nac4 17. Re2 Nd6 18. g4 a5 19. a4 Nbc4 $132 {
0-1 Sebag,M-Khotenashvili,B/Kusadasi 2006/CBM 111 ext (66)}) 14. Qxb3 Bg4 (
14... Bxc3 $5) 15. Rad1 (15. Ne5 Bxe5 16. Rxe5 f6 17. d6+ Kg7 $11) 15... Bxf3
16. gxf3 Qd7 17. Qb4 h6 18. Be3 Rac8 19. Bxb6 axb6 20. Re3 Bxc3 21. bxc3 Rc5
22. Qe4 Qd6 23. Rd4 h5 24. f4 Qd7 25. Rg3 h4 26. Rxg6+ {1/2-1/2 Marusenko,
P-Demkovich,A/Kiev 2003/EXT 2004}) 13... Nd7 (13... e6 $143 14. d6 f6 15. Nf3
a6 (15... Nxb3 16. axb3 Bf8 17. Be3 $1 Bxd6 18. Bxb6 Qxb6 19. Nd5 Qd8 20. Nxf6+
Qxf6 21. Qxd6 $16) 16. Bf4 Kh8 17. Ne4 $1 Nxb3 18. Qxb3 Nd5 19. Bg3 b6 20. Rac1
Ra7 21. Nd4 Bd7 22. Nc3 $1 $16 {1-0 Jansa,V-Gerusel,M/Leipzig 1975/MCL/
[Bulletin] (41)}) (13... Nxb3 $5 14. axb3 Nd7 15. Nc4 Nb6 16. Ne5 Nd7 17. Bf4
Nxe5 18. Bxe5 Bxe5 19. Rxe5 {N vs light-squared B is the set of minor pieces,
most optimal for White in this structure, but still it is not enough for an
advantage!} Qd6 20. Qd4 (20. Qe2 $5 Bd7 21. Re1 e6 $5) 20... Bf5 21. Rae1 f6 $1
22. R5e3 e5 23. Qa4 Kg7 24. Nb5 Qb6 25. Nd4 Bg4 26. h3 Red8 27. hxg4 Qxd4 28.
Qxd4 exd4 29. Re7+ Kg8 30. Rxb7 d3 31. Rb5 Rab8 32. Rxb8 Rxb8 33. d6 Rd8 34.
Rd1 Rxd6 35. f3 {1/2-1/2 Jansa,V-Fernandez,J/Decin 1976/EXT 2003}) 14. Nxf7 $1
{[%mdl 640] A brilliant sacrifice. Objectively it is hardly winning but in
reality very few humans (maybe Korchnoi?) could successfully defend in the
arising position.} (14. Bf4 Nxe5 15. Bxe5 Bxe5 16. Rxe5 Qd6 17. Re3 $5) (14.
Ng4 $5 Nf6 15. Nh6+) 14... Kxf7 15. d6+ Nxb3 16. dxe7 (16. Qxb3+ e6 17. Nb5 Nc5
18. Qc4 Na6) 16... Rxe7 17. Qd5+ ({After} 17. Qxb3+ Kf8 18. Be3 b6 {White's
attack will be parried.}) 17... Kf8 18. Bg5 Bf6 $2 {A typical "human" mistake
in reply to a "Tal-like" attack.} (18... Nxa1 {looks dangerous but White has
no decisive blow in sight. According to the analysis of a Russian player,
Vasily Lebedev, the game should end in a draw. However, in his line White
apparently wins. Black has other options but it is very difficult to defend
anyway!} 19. Bxe7+ (19. Qd6 $143 Kg8 (19... Qb6 20. Qxe7+ Kg8 21. Qe8+ Nf8 22.
Re7 Be6 $1 23. Qxa8 Qxb2 $17) 20. Rxe7 (20. Bxe7 Qe8 21. Rxa1 Nb6) 20... Kh8
21. Qe6 Qg8 22. Re8 Nf8 23. Qe7 b6 24. Bf6 Bb7 $19 {V.Lebedev}) 19... Qxe7 20.
Rxe7 Kxe7 21. Qe4+ $1 (21. Qg8 $143 Bxc3 22. Qxh7+ Kd6 23. bxc3 Nf8 24. Qh6 $1
(24. Qg7 Bd7 $17 25. Qd4+ $140 (25. c4 Nc2) 25... Ke7 26. Qe4+ Kf6 27. Qb1 Ba4
$1) 24... Bf5 25. Qc1 Kc6 (25... Nc2 26. g4 $1) 26. Qxa1 Rd8 $17) 21... Kf8 (
21... Kf7 22. Nb5 Be5 23. f4) 22. Nd5 Ne5 $1 (22... Bf6 23. Nc7 Rb8 24. Qe8+
Kg7 25. Ne6+ $1 (25. Qe6 {V.Lebedev} Kf8 $1 (25... Bxb2 26. Qe7+ Kg8 (26... Kh6
27. Ne8) 27. Ne6 h6 28. Qe8+ Kh7 29. Qf7+ Kh8 30. Qxg6 $18) (25... h5 26. Ne8+
Kh6 27. Nxf6 Nxf6 28. Qxf6 Bf5 29. f3 $16) 26. Qe8+ Kg7 27. Ne6+ {-25.Ne6+})
25... Kh6 26. Qf7 b5 27. h4 $1 Rb6 28. Nf8 Nxf8 29. Qxf8+ Kh5 30. Qxc8 $16) 23.
Qb4+ Kg8 24. Nc7 Rb8 {and apparently White has nothing better than a draw:} 25.
Na6 Ra8 26. Nc7) 19. Bxf6 Rxe1+ 20. Rxe1 Qxf6 21. axb3 $44 {White has a strong
attack for the missing piece, which Black can't parry without material
concessions.} Kg7 (21... Qb6 $5 {[%cal Yd7f6]} 22. Qf3+ Qf6 23. Qe3 $1 {
[%cal Yc3d5]}) 22. Ne4 (22. Re6 $5 Qf4 23. Re7+ Kh6 24. g3 Qc1+ 25. Kg2 Nf6 26.
Qf3 Bf5 27. Rf7 Nh5 28. h4 $5 (28. Qxb7 Rh8 29. Qxa7 Be6 30. Re7 Bxb3 {V.
Lebedev}) 28... Rg8 29. g4 Bxg4 30. Qxg4 Rg7 31. Rf3 $36) 22... Qe5 (22... Qf8
$5 23. h4 $1 $40) 23. Qd2 $1 Nf6 {The only way for Black to free his pieces
leads to a knight endgame a pawn down but with good drawing chances.} 24. Nd6
Qd5 25. Re7+ Kf8 26. Re8+ Kg7 27. Qxd5 Nxd5 28. Rxc8 Rxc8 29. Nxc8 {[%mdl 4096]
} a5 $6 (29... a6 $142 30. Nd6 b6 {B.Macieja}) 30. Nd6 b6 31. Nc4 {Black's
queenside pawns and knight are now motionless.} Kf6 32. Kf1 Ke6 33. Ke2 Kd7 34.
Kf3 Kc6 35. Ke4 Nf6+ 36. Kd4 Kb5 37. f4 Kb4 38. Nxb6 $2 (38. Nd2 $1 {was
probably correct, e.g.} Ng4 39. h3 Nf2 40. g4 Nxh3 41. f5 gxf5 42. gxf5 Ng5 43.
Ke5 {and White should win.}) 38... Kxb3 39. h3 (39. Nc4 {was not enough either:
} a4 40. Nb6 Ng4 41. h3 Nf2 42. g4 Nd1 43. f5 (43. Nxa4 Kxa4 44. f5 Nf2 $1 45.
f6 Nxh3 46. f7 Ng5 $1 47. f8=N $11) 43... gxf5 44. gxf5 Nxb2 45. Nxa4 Nxa4 46.
f6 Nb6 47. f7 Nd7 $11) 39... Nh5 40. Ke5 Ng3 {And Black... lost on time as due
to misscoring moves he thought that the time control was over! Meanwhile, the
position is drawn:} (40... Ng3 41. h4 (41. Kf6 Kxb2 42. Nc4+ Kc3 43. Nxa5 Kd4
44. Kg5 Ke3) 41... Kxb2 42. Nc4+ Kc3 43. Nxa5 Kd3 $11 {[%cal Yd3e3,Ye3f2,Yf2g2]
}) 1-0

[Event "Tata Steel-A 73rd"]
[Site "Wijk aan Zee"]
[Date "2011.01.29"]
[Round "12"]
[White "Vachier Lagrave, Maxime"]
[Black "Nepomniachtchi, Ian"]
[Result "1-0"]
[WhiteElo "2715"]
[BlackElo "2733"]
[Annotator "Krasenkow,M"]
[PlyCount "71"]
[EventDate "2011.01.14"]
[EventType "tourn"]
[EventRounds "13"]
[EventCountry "NED"]
[EventCategory "20"]
[SourceTitle "CBM 141"]
[Source "ChessBase"]
[SourceDate "2011.03.17"]
[SourceVersion "1"]
[SourceVersionDate "2011.03.17"]
[SourceQuality "1"]

1. d4 Nf6 2. c4 g6 3. Nc3 d5 4. Nf3 Bg7 5. e3 O-O 6. cxd5 Nxd5 7. Bc4 {An
old-fashioned, rather harmless system.} Nb6 (7... Nxc3) 8. Bb3 c5 9. O-O cxd4
10. exd4 Nc6 11. d5 Na5 12. Re1 Bg4 13. h3 Bxf3 14. Qxf3 Re8 (14... Qd7 $143
15. Bg5 Rfe8 (15... Nxb3 16. axb3 Bxc3 $6 17. bxc3 Qxd5 18. Qxd5 Nxd5 19. c4 f6
20. Bh6 $16 {1-0 Benjamin,J (2575)-Van de Mortel,J (2412)/ICC INT 2009/CBM 132
Extra (35)}) 16. Rad1 Nxb3 17. axb3 Nc8 18. Re3 (18. d6 $143 $6 Bxc3 19. dxe7 {
1-0 Iuldachev,S (2511)-Bhagwat,V (2214)/Delhi 2010/CBM 136 Extra (20)} Qb5 $1
20. Rd5 Qxd5 21. Qxd5 Bxe1 $15) 18... Nd6 19. g4 Rac8 20. Rde1 $14 e5 $6 (20...
Bf8) 21. dxe6 Rxe6 22. Rxe6 fxe6 23. Qd3 $16 {1-0 Beliavsky,A-Peresipkin,V/
Minsk 1976/EXT 2001 (34)}) (14... Nxb3 15. axb3 Re8 (15... Nc8 16. h4 $5 Qd7
17. h5 $36 {1/2 Larsen,B (2620)-Dueball,J (2450)/Ribe 1973/EXT 2001 (34)}) 16.
Rd1 (16. Bg5 Bxc3 17. bxc3 Qxd5 18. Qxd5 Nxd5 19. c4 f6 20. cxd5 fxg5 21. Rac1
Rad8 {1/2 Brunner,L (2425)-Bass,L (2430)/Budapest 1989/CBM 015}) (16. Be3 Nc8 (
16... Bxc3 17. Bxb6 $1 Qxb6 18. bxc3 e6 19. dxe6 Rxe6 20. Rxe6 fxe6 21. c4 Rf8
22. Qg3 a6 23. Re1 $14 {1/2 Tregubov,P (2613)-Swinkels,R (2428)/Gibraltar 2007/
CBM 116 ext (92)}) 17. h4 (17. Red1 {- 16.Rd1}) 17... h5 18. Ra4 Nd6 19. g4
hxg4 20. Rxg4 Qc8 21. h5 Qf5 $11 {1/2 Kuzmin,G (2600)-Keene,R (2505)/Zagreb
1975/MCD (42)}) 16... Nc8 17. Be3 (17. h4 Nd6 18. h5 Qb6 19. h6 Bh8 20. Ne4
Nxe4 21. Qxe4 Qxb3 $15 {1/2 Mamedyarov,S (2752)-Kamsky,G (2726)/Baku 2008/CBM
124 (54)}) 17... Nd6 (17... Qd7 18. Qe2 a6 19. Na4 Qb5 20. Qxb5 axb5 21. Nc3
Nd6 $11 {1/2 Kuijf,M (2470)-Bosch,J (2440)/Netherlands 1996/CBM 054 (46)}) 18.
Ra4 a6 19. Bd4 Bxd4 20. Raxd4 Qb6 $11 {1/2 Norri,J (2385)-Ernst,T (2480)/
Haernoesand 1994/EXT 1999 (35)}) 15. Be3 (15. Rd1 Nac4 $5 (15... Rc8 $6 16. d6
$1 Nxb3 17. axb3 exd6 18. Rxa7 Rb8 19. Rxb7 $16 {1-0 Timman,J (2635)-Khenkin,I
(2580)/Tilburg 1994/CBM 044 (54)}) (15... Nxb3 16. axb3 {- 14...Nxb3}) (15...
Qd7 $5) 16. Rb1 Rc8 17. Ne4 Qd7 18. h4 Qf5 19. Qxf5 gxf5 20. Ng3 e6 21. dxe6
fxe6 22. Nh5 Bh8 23. Nf4 Kf7 $11 {1/2 Kuzmin,A (2440)-Huzman,A (2435)/Tashkent
1987/EXT 2002 (41)}) (15. d6 Nxb3 16. axb3 Qxd6 17. Qxb7 {0-1 Bergstrom,R 
(2295)-Sveshnikov,E (2595)/Roskilde 1998/EXT 1999 (52)} Qb4 $5 $11) 15... Bxc3
(15... Nxb3 16. axb3 Nc8 {- see above.}) 16. bxc3 (16. Bxb6 $5 axb6 17. bxc3)
16... Nxb3 17. Bxb6 Nd2 {Black tries to avoid the unpleasant position from
Tregubov - Swinkels (see above), which arises after} (17... Qxb6 18. axb3) 18.
Qd3 Qxb6 19. Qxd2 Qc5 20. Re4 Rad8 21. c4 f5 $6 {A risky adventure. Black wins
a pawn but weakens his king.} (21... b5 $2 22. Qh6 {[%cal Re4h4]}) (21... e5 $5
{[%cal Yb7b5,Yf7f5]}) 22. Re5 $1 {[%mdl 512]} Qxc4 23. Rc1 Qa6 $6 (23... Qb5 $1
{[%cal Ye7e6] still enabled Black to hold his ground.}) 24. Rce1 Qd6 25. h4 $1
{[%mdl 128]} Rd7 26. h5 gxh5 {Desperation but what else could he do?} 27. Rxf5
e5 28. Qg5+ Rg7 29. Qxh5 Rge7 $6 (29... Qg6 {was the only chance. Black agrees
to give up a pawn to trade queens. Alas, White can avoid that by means of} 30.
Qf3 $1 e4 (30... Qg4 31. Rexe5 $1) 31. Qh3 $16 Qg4 $140 32. Qxg4 Rxg4 33. f3)
30. Qf3 Rg7 31. Rf6 Qd8 32. d6 {[%csl Gd6,Rg8] The rest is clear. Black can't
both stop this pawn and defend his king.} e4 33. Qf5 Rd7 34. Re3 Rxd6 35. Rg3+
Kh8 36. Rg7 $1 1-0

[Event "Bundesliga 0506"]
[Site "Germany"]
[Date "2005.11.12"]
[Round "3.2"]
[White "Postny, Evgeny"]
[Black "Shirov, Alexei"]
[Result "1/2-1/2"]
[WhiteElo "2571"]
[BlackElo "2710"]
[Annotator "Krasenkow,M"]
[PlyCount "40"]
[EventDate "2005.10.21"]
[EventType "team-tourn"]
[EventRounds "15"]
[EventCountry "GER"]
[SourceTitle "CBM 110"]
[Source "ChessBase"]
[SourceDate "2006.01.31"]
[SourceVersion "1"]
[SourceVersionDate "2006.01.31"]
[SourceQuality "1"]
[WhiteTeam "Eppingen"]
[BlackTeam "Baden-Baden"]
[WhiteTeamCountry "GER"]
[BlackTeamCountry "GER"]

1. d4 Nf6 2. c4 g6 3. Nc3 d5 4. Nf3 Bg7 5. e3 O-O 6. b4 Bg4 {A rare move but
the present game shows that it deserves attention.} (6... b6 {is the main
theoretical line.}) 7. h3 (7. Bb2 a5 8. a3 c6 9. h3 Bxf3 10. Qxf3 axb4 11. axb4
Rxa1+ 12. Bxa1 Qb6 13. Be2 Qxb4 $13 {1-0 Mezheritsky,Y-Sergeev,S/Kiev 2001/EXT
2003 (76)}) 7... Bxf3 8. Qxf3 e5 $5 $146 {[%mdl 8] A great idea. Black is
ahead in development, then why not seize the initiative at once?} (8... a5 $5
9. b5 c5 10. cxd5 (10. bxc6 $5 bxc6 11. Rb1 $14) 10... Nbd7 11. Ba3 cxd4 12.
exd4 Nb6 13. d6 exd6 14. Be2 Rc8 15. O-O Nc4 16. Bc1 Nd7 17. Rd1 Ndb6 18. Nd5
Re8 $11 {1-0 Kosic,D-Lundin,J/Novi Sad 2005/CBM 105 ext (28)}) (8... c6 $143 9.
Bb2 (9. Bd2 Qd6 10. c5 Qc7 11. Qf4 Qxf4 12. exf4 {1/2-1/2 Mortensen,S-Sorensen,
J/Randers 1970/EXT 98}) 9... a5 10. b5 dxc4 11. Bxc4 Qd6 12. O-O Qb4 13. Qe2
Nbd7 14. a3 Qd6 15. a4 c5 16. Ba3 b6 17. Rfd1 Qc7 18. Nd5 Nxd5 19. Bxd5 Rac8
20. Rac1 $16 {1-0 Bunzmann,D-Schwilk,M/Schwaebisch Gmuend 2001/CBM 080 ext (49)
}) 9. dxe5 (9. cxd5 exd4 10. exd4 c6 $1 $36 {[%csl Re1]}) 9... Nfd7 10. Bb2 Nc6
$1 11. cxd5 (11. Nxd5 Ncxe5 12. Qg3 (12. Qf4 c6 13. Nc3 a5 $1 14. a3 axb4 15.
axb4 Qb6) 12... c6 13. Nc3 Nb6 $44) 11... Nxb4 12. Qd1 c6 $1 13. Be2 {A
correct decision - to give up the material gains but complete development,
which eventually leads to simplifications and a draw.} (13. e4 $6) 13... Nxe5
14. O-O Nxd5 {Black is now a pawn up but it's just temporary.} 15. Nxd5 Qxd5 {
All attempts to play for a win are risky for Black, e.g.} (15... cxd5 16. Rb1
Qd7 17. Qb3 b6 18. Rbd1 $14 Rad8 $2 19. Bb5 {[%cal Ob5d7,Yb2a3]}) 16. Qxd5 cxd5
17. Bxe5 Bxe5 18. Rab1 b6 19. Rfd1 Rad8 20. Rb5 Bf6 1/2-1/2

[Event "Tashkent FIDE GP 2nd"]
[Site "Tashkent"]
[Date "2012.11.28"]
[Round "6"]
[White "Leko, Peter"]
[Black "Wang, Hao"]
[Result "1/2-1/2"]
[WhiteElo "2732"]
[BlackElo "2737"]
[Annotator "Krasenkow,M"]
[PlyCount "84"]
[EventDate "2012.11.22"]
[EventType "tourn"]
[EventRounds "11"]
[EventCountry "UZB"]
[EventCategory "20"]
[SourceTitle "CBM 152"]
[Source "ChessBase"]
[SourceDate "2013.01.15"]
[SourceVersion "1"]
[SourceVersionDate "2013.01.15"]
[SourceQuality "1"]

1. d4 d5 2. c4 c6 3. Nc3 Nf6 4. e3 g6 5. Nf3 Bg7 6. Be2 O-O 7. O-O e6 {For
this line - see the article by GM Evgeny Postny in CBM 143. I don't believe
Black can equalise in such a simple way.} 8. Qc2 Nbd7 9. Rd1 b6 10. b4 (10. e4
{is more common. Here is a classic example:} Nxe4 11. Nxe4 dxe4 12. Qxe4 Bb7
13. Bf4 (13. Bg5 Qc7 14. Qh4 Rfe8 15. Rd2 {1/2 Leitao,R (2620)-Sasikiran,K 
(2653)/Bursa 2010/CBM 143/[Postny,E] (40)} c5 16. Rad1 e5 $11 {E.Postny}) 13...
Qe7 14. c5 bxc5 15. dxc5 Nxc5 16. Qb4 a5 17. Qa3 Rfd8 18. Rxd8+ Rxd8 19. Bg5 f6
20. Be3 Bf8 21. Qxa5 Nd3 {1/2 Timman,J (2640)-Tal,M (2610)/Hilversum 1988/CBM
010 (28)} 22. a4 $1 Ra8 23. Qb6 $14) 10... Bb7 11. Rb1 (11. a4 $5 a6 (11... a5
$5 12. b5 $140 c5) 12. Ba3 Re8 13. Rac1 e5 14. dxe5 Nxe5 15. Bb2 Qd6 16. cxd5
cxd5 17. Nxe5 Rxe5 18. b5 a5 19. Bf3 $14 {1-0 Grabarczyk,M (2459)-Olenderek,T 
(2134)/Police 2011/CBM 143 Extra (27)}) 11... Re8 (11... a5 {deserved
attention here, too.}) 12. a4 Qc7 13. h3 Rac8 {[%cal Ye6e5]} ({It was the last
moment to play} 13... a5 {but Black has a completely different plan.}) 14. Ba3
{This move allows Black to free his position and get rid of problems.} (14. c5
$5 {was tempting and perhaps quite appropriate:} bxc5 (14... e5 15. Nxe5 Nxe5
16. dxe5 Qxe5 17. cxb6 axb6 18. a5) 15. bxc5 e5 16. a5 $1 {[%cal Ra5a6]} Rb8
17. a6 Bc8 18. Rxb8 Qxb8 19. Qa4 Qc7 20. Ba3 $36) 14... e5 $1 15. dxe5 Nxe5 16.
Nxe5 Qxe5 $11 17. Bb2 Qg5 $6 {[%csl Rg5] Amazingly, this (quite natural) move
causes Black serious trouble.} (17... dxc4 $142 18. Bxc4 (18. Nd5 c3 19. Bxc3
$4 cxd5) 18... Qg5 $132 {[%cal Rc6c5] In that case the position of Black's
queen on g5 would be appropriate.}) 18. Bf3 $1 dxc4 19. Ne2 Re7 (19... Rc7 $5
20. Qxc4 Nd7 $14) 20. Qxc4 c5 (20... Nd7 $142 $14) 21. Bxb7 Rxb7 22. Nf4 (22.
f4 $1 {was strong although the resulting variations are not easy to calculate
and evaluate:} Qh5 {was probably the best option for Black:} (22... Qf5 23. Ng3
Qe6 24. Qxe6 fxe6 25. Bxf6 Bxf6 26. bxc5 $16 Rxc5 $2 27. Ne4) (22... Qh4 23.
Qa6 Rbb8 (23... Rbc7 24. Be5 cxb4 25. Bxc7 Rxc7 26. Rxb4 Bf8 27. Qd3 $1) 24.
Be5 Ra8 25. Qb7 {[%csl Ra8,Rc8] with unpleasant pressure.}) 23. Qa6 (23. e4 $5)
23... Rbc7 24. Be5 cxb4 (24... Rc6 $2 25. Ng3 Qh4 26. b5) 25. Bxc7 Rxc7 26.
Rxb4 Bf8 27. Rbb1 (27. Qd3 $2 Bxb4 28. Qd8+ Kg7 29. Qxc7 Qxe2) 27... Bc5 {
with some (although objectively insufficient) compensation for the exchange})
22... Rbb8 (22... Rbc7 $142) 23. Rbc1 $6 {Once again Peter Leko misses a good
opportunity:} (23. Nd5 Nxd5 24. Rxd5 Qe7 25. Bxg7 Kxg7 26. bxc5 {winning a
pawn.}) 23... Qf5 24. g4 (24. Bxf6 cxb4 $1) 24... Qe4 25. Bxf6 (25. g5 $1 Qxc4
26. Rxc4 Nh5 $1 27. Bxg7 Kxg7 28. Rd7 {and Black still faces serious problems.}
) 25... Qxc4 26. Rxc4 Bxf6 27. Nd5 Bh4 28. Rdc1 (28. bxc5 Rxc5 29. Rxc5 bxc5
30. Rc1 {was the last chance but Black should survive after} Rb2 31. f4 Re2 32.
Rxc5 f5 $1 {threatening a perpetual check.}) 28... Rd8 $1 {Phew! Black's
problems are finally over.} 29. e4 cxb4 30. Rxb4 Rbc8 31. Rbc4 Rxc4 32. Rxc4 f5
33. f3 fxe4 34. fxe4 Bg3 35. Kg2 Bd6 36. Rc6 Kf7 37. Ne3 (37. g5 $5) 37... Ke7
38. Nc4 Bb8 (38... Bf4 $5 39. Kf3 g5 {and it is Black who can fight for a win.}
) 39. e5 Kd7 40. Rf6 Ke7 41. Rc6 Kd7 42. Rf6 Ke7 1/2-1/2

[Event "Olympiad-32"]
[Site "Yerevan"]
[Date "1996.10.01"]
[Round "14.2"]
[White "Irzhanov, Ruslan"]
[Black "Cramling, Pia"]
[Result "0-1"]
[WhiteElo "2535"]
[BlackElo "2545"]
[Annotator "Lempert,I"]
[PlyCount "80"]
[EventDate "1996.09.15"]
[EventType "team-swiss"]
[EventRounds "14"]
[EventCountry "ARM"]
[SourceTitle "CBM 055"]
[Source "ChessBase"]
[SourceDate "1996.12.01"]
[SourceVersion "1"]
[SourceVersionDate "1996.12.01"]
[SourceQuality "1"]
[WhiteTeam "Kazakhstan"]
[BlackTeam "Sweden"]
[WhiteTeamCountry "KAZ"]
[BlackTeamCountry "SWE"]

1. d4 Nf6 2. c4 c5 3. e3 g6 4. Nc3 Bg7 5. Nf3 O-O 6. Be2 cxd4 7. exd4 d5 8. O-O
Nc6 9. h3 $6 (9. Re1) (9. Be3) 9... b6 10. Ne5 Bb7 11. Bf3 Na5 12. b4 $6 (12.
cxd5 $15) 12... Nxc4 $1 13. Nxc4 Rc8 14. Nb5 $6 (14. Nxd5 Bxd5 15. Ne5 Bxf3 16.
Nxf3 Nd5 $17) 14... Rxc4 15. Be2 Ne4 $1 16. Bb2 (16. Bxc4 dxc4 17. Be3 (17. Bb2
Qd5 $17) 17... Qd5 18. a4 Ng3 $17) 16... Rxb4 17. Ba3 Rc4 18. Bxc4 dxc4 19. f3
Ng3 20. Re1 Nf5 21. Bb2 (21. g4 Nxd4 22. Bxe7 Nxf3+ 23. Qxf3 Bxf3 24. Bxd8 Bxa1
25. Be7 (25. Rxa1 Rxd8 $19) 25... Re8 26. Nd6 Bd4+ $19) 21... Qd5 22. Na3 Nxd4
23. Kh1 Qc5 24. Rc1 Nxf3 $1 $19 25. Rxc4 $138 Qf5 26. Rxe7 Ne1 27. Qg4 Qf1+ 28.
Kh2 Bxb2 29. Rf4 Nf3+ 30. Kg3 Bxa3 31. Rxb7 Bd6 32. Qxf3 Qe1+ 33. Kh2 g5 34. g3
gxf4 35. gxf4 Re8 36. Qg2+ Kf8 37. Rxf7+ Kxf7 38. Qd5+ Qe6 39. Qh5+ Qg6 40. Qf3
Qf5 0-1

[Event "Danzhou 3rd"]
[Site "Danzhou"]
[Date "2012.06.05"]
[Round "7"]
[White "Zhou, Weiqi"]
[Black "Wang, Yue"]
[Result "1-0"]
[WhiteElo "2624"]
[BlackElo "2690"]
[Annotator "Let's Check"]
[PlyCount "137"]
[EventDate "2012.05.29"]
[EventType "tourn"]
[EventRounds "9"]
[EventCountry "CHN"]
[EventCategory "16"]
[SourceTitle "CBM 149"]
[Source "ChessBase"]
[SourceDate "2012.07.17"]
[SourceVersion "1"]
[SourceVersionDate "2012.07.17"]
[SourceQuality "1"]

1. d4 d5 2. c4 c6 3. Nc3 Nf6 4. e3 g6 5. Nf3 Bg7 6. Bd3 O-O 7. O-O Bg4 8. h3
Bxf3 9. Qxf3 e6 10. Qe2 Nbd7 11. Rd1 Qe7 12. Bd2 Rfe8 13. Be1 a6 14. Rac1 Rac8
15. a3 h5 16. b4 Bf8 17. f4 Nh7 18. g4 hxg4 19. hxg4 Bg7 20. Qf3 Rcd8 21. Rc2
e5 22. dxe5 Nxe5 23. fxe5 Ng5 24. Qg2 Qxe5 25. cxd5 Qxe3+ 26. Bf2 Nh3+ 27. Kf1
Nxf2 28. Qxf2 Qh3+ 29. Qg2 Qh4 30. Be4 Qf6+ $4 (30... f5 31. Bf3 Re3 $11) 31.
Qf3 $18 Qe7 32. Re2 Qh4 33. dxc6 Bxc3 34. Rxd8 Rxd8 35. Qxc3 bxc6 36. Bf3 Qg3
37. Rg2 Qf4 38. Rf2 Qg3 39. Qxc6 Qh3+ 40. Ke1 Qg3 41. Kf1 Qh3+ 42. Ke2 Qg3 43.
Qe4 Qg1 44. Rf1 Qh2+ 45. Bg2 Qg3 46. Rd1 Rc8 47. Qf3 Qe5+ 48. Kf1 Rc3 49. Qa8+
Kg7 50. Qe4 Qf6+ 51. Kg1 Rxa3 52. Rf1 Ra1 53. Rxa1 Qxa1+ 54. Bf1 a5 55. b5 a4
56. b6 a3 57. b7 Qb2 58. Bc4 Qc1+ 59. Kg2 Qb2+ 60. Kf1 Qc1+ 61. Ke2 Qb2+ 62.
Kf3 Qc3+ 63. Kf2 Qb2+ 64. Kg3 g5 65. Qf3 f5 66. gxf5 Qe5+ 67. Kh3 Qb2 68. f6+
Kf8 69. b8=R+ 1-0

[Event "Gibraltar Masters 10th"]
[Site "Caleta"]
[Date "2012.01.24"]
[Round "1"]
[White "Koneru, Humpy"]
[Black "Henriksson, Johan"]
[Result "1-0"]
[WhiteElo "2589"]
[BlackElo "2308"]
[Annotator "Let's Check"]
[PlyCount "87"]
[EventDate "2012.01.24"]
[EventType "swiss"]
[EventRounds "10"]
[EventCountry "GGB"]
[SourceTitle "CBM 147"]
[Source "ChessBase"]
[SourceDate "2012.03.16"]
[SourceVersion "1"]
[SourceVersionDate "2012.03.16"]
[SourceQuality "1"]

1. d4 d5 2. c4 c6 3. Nf3 Nf6 4. e3 g6 5. Nc3 Bg7 6. Be2 O-O 7. O-O Be6 8. Qb3
Qb6 9. Qa3 dxc4 10. Qxe7 Nd5 11. Qh4 Qd8 12. Qxd8 Rxd8 13. Ng5 c5 14. Nxe6 fxe6
15. Bg4 Re8 16. Bf3 Rd8 17. Ne4 cxd4 18. Nc5 Nc6 19. Nxe6 d3 20. Nxd8 Rxd8 21.
Rb1 b5 22. Bd2 Ne5 23. Bxd5+ Rxd5 24. Rfc1 Nc6 25. b3 Rc5 26. bxc4 bxc4 27. Bc3
a5 28. a3 a4 29. Kf1 Bxc3 30. Rxc3 Kf7 31. Rd1 Na5 $2 (31... Ne5 32. Rb1 Ke6
$16) 32. Rdxd3 $1 $18 Rb5 33. Rd7+ Ke6 34. Ra7 Kd5 35. Ke2 Kc5 36. Kd1 Kb6 37.
Rxh7 Rb2 38. Rf7 Kc5 39. h4 Nc6 40. h5 Ne5 41. Rc7+ Kd6 42. R7xc4 $2 (42. Ra7
gxh5 43. Rc2) 42... Nxc4 $18 43. Rxc4 gxh5 44. Ke1 1-0